عرض عادي
عرض مارك
- Osteopathic medicine.
مدخل مصطلح موضوعي
001 - رقم الضبط
- حقل الضبط: 10834
003 - معرف رقم الضبط
- حقل الضبط: OSt
005 - تاريخ ووقت أخر عملية
- حقل الضبط: 20120412214220.0
008 - عناصر بيانات ثابتة الطول
- حقل تحكم ثابت الطول: 120412|||a|||||| | ||| d
040 ## - مصدر الفهرسة
- هيئة الفهرسة الأصلية: OSt
- وكالة الكتابة: OSt
150 ## - مدخل-- مصطلح تاريخي
- عنصر مدخل المصطلح الموضوعي او الاسم الجغرافي: Osteopathic medicine.
670 ## - بيانات المصدر موجوده
- الاستشهاد بالمصدر: Work cat.: (OSt)0: Gibbons, Peter, DO. 10833, Manipulation of the spine, thorax and pelvis :, 2010.
